000 00734nam a22002657a 4500
001 BR9505399
003 BR-BrBNA
005 20230928094537.0
007 ta
008 230509b bl.||||| |||| 00| 0 por d
040 _aBR-BrBNA
_bpor
_cBiblioteca Nacional de Agricultura
041 _a(Por)
072 _aC20
090 _ C20 BR9505399
100 1 _aDuarte, J.A.M.
110 1 _aEmpresa Brasileira de Pesquisa Agropecuaria, Brasilia, DF (Brasil)
245 1 _aPesquisa e imprensa. Orientacoes para um bom relacionamento
260 3 _aBrasilia, DF (Brasil):
_c1994.
300 _a28 p.
650 _aComunicacao
650 _aJornalismo
650 _aTelevisao
909 _a202309
_bLucia
_c55
_dLucia Elande
942 _cBK
999 _c51245
_d51245